000 00516nam a2200217Ia 4500
005 20241216010720.0
008 180423s9999||||xx |||||||||||||| ||und||
082 _a548
_bJ72
100 _aJONG, W.F.
245 0 _aCRISTALOGRAFIA GENERAL
250 _a0
260 _aMADRID
_bAGUILAR
_c1967
300 _a334 pag.
_c22 cm
341 _h0
490 _v0
_a0
505 _aGEOMETRICA-ESTRUCTURAL/QUIMICA-FISICA
541 _aC
_d03-May-94
650 _aCIENCIAS PURAS
856 _zDeposito
942 _cLIBRO
999 _c22057
_d22057